000 01070cam a2200325 a 4500
001 15491703
003 OSt
005 20140310182708.0
008 081021s2010 nyua 001 0 eng
010 _a 2008044484
020 _a9780073026572 (hard copy : alk. paper)
020 _a9780071078542
040 _aDLC
_cDLC
_dDLC
050 0 0 _aQD 31.3
_b.Sm642 2010
082 0 0 _aM 540
_bS63 2010
100 1 _aSmith, Janice G.
245 1 0 _aGeneral, organic and biological chemistry /
_cSmith, Janice G.
246 3 _aGeneral, organic, and biological chemistry
260 _aNew York, NY :
_bMcGraw-Hill Higher education,
_cc2010.
300 _axxxiii, 774 p.
_bill. ;
_c26 cm.
500 _aIncludes index.
521 _aCollege Students
526 _c1210L-1700L
541 _j1
562 _e1
650 0 _aChemistry
_vTextbooks.
906 _a7
_bcbc
_corignew
_d1
_eecip
_f20
_gy-gencatlg
942 _2lcc
_cBK
_kM
999 _c15229
_d15229